000 00473nam a2200193Ia 4500
005 20240823010413.0
008 240823s9999||||xx |||||||||||||| ||und||
041 _aENGLISH
082 _A620.106 M3
100 _a"Streeter,Victor L"
245 0 _aFluid Mechanics
250 _a1st
260 _c1993
_b"MGH,London"
500 _aTRANSFERED
650 _aFluid Mechanics
_bAeronautical Engineering
700 _a" Wylie,Benjamin E"
942 _cBK
999 _c158524
_d158524